[Event "VIII MIEDZYNARODOWY TURNIEJ SZACHOWY - GORA SW. ANNY - Open B"]
[Site "GORA SW. ANNY"]
[Date "1899-12-30"]
[Round "1.1"]
[White "Czaplewska, Klara"]
[Black "Smal, Tobiasz"]
[Result "0-1"]
[WhiteTitle "I++"]
[BlackTitle "I++"]
[WhiteElo "1720"]
[BlackElo "1994"]

1. e4 c5 2. Nf3 d6 3. d4 cxd4 4. Nxd4 Nf6 5. Nc3 a6 6. Be2 e5 7. Nb3 Be7 8. O-O
O-O 9. Be3 Qc7 10. f4 Nbd7 11. Qe1 b5 12. a3 Bb7 13. Bf3 Rfe8 14. Qf2 exf4 15.
Bxf4 Bf8 16. Rfe1 Ne5 17. Nd2 d5 18. Kh1 Nd3 19. cxd3 Qxf4 20. Rf1 dxe4 21. Ndxe4
Nxe4 22. Nxe4 Rab8 23. Qc2 Qh6 24. Qb3 Red8 25. Ng3 Bd6 26. Bxb7 Rxb7 27. Rf3
Rc8 28. Raf1 Rcc7 29. h3 Bxg3 30. Rxg3 Rc1 31. Rgf3 Rxf1+ 32. Rxf1 Qd6 33. a4
b4 34. Qc4 Rc7 35. Qe4 g6 36. Qe2 h5 37. Qf3 Qc6 38. Qxc6 Rxc6 39. Rf2 Rc1+ 40.
Kh2 Ra1 41. b3 Re1 42. Rf6 a5 43. Rc6 Re5 44. d4 Rd5 45. Rc4 h4 46. g4 hxg3+ 47.
Kxg3 Kf8 48. h4 Ke7 49. Kg4 Kd6 50. Kf4 Rh5 51. Kg4 f5+ 52. Kg3 Kd5 53. Rc5+ Kxd4
54. Rxa5 f4+ 0-1

[Event "VIII MIEDZYNARODOWY TURNIEJ SZACHOWY - GORA SW. ANNY - Open B"]
[Site "GORA SW. ANNY"]
[Date "1899-12-30"]
[Round "1.2"]
[White "Chylewski, Patryk"]
[Black "Marko, Piotr"]
[Result "0-1"]
[WhiteTitle "I++"]
[BlackTitle "II+"]
[WhiteElo "1994"]
[BlackElo "1704"]

1. e4 e5 2. Nf3 Nc6 3. Bb5 a6 4. Ba4 Nf6 5. O-O b5 6. Bb3 Bc5 7. c3 d6 8. d4 Bb6
9. a4 Rb8 10. axb5 axb5 11. Na3 O-O 12. Nxb5 exd4 13. cxd4 Bg4 14. Ra4 Qe8 15.
Re1 Na5 16. Nc3 Nxb3 17. Qxb3 Bxf3 18. gxf3 Bxd4 19. Qc2 Bxc3 20. bxc3 Nd7 21.
Kh1 f5 22. Rg1 Qh5 23. Qd1 Ne5 24. Rg5 Qxf3+ 25. Qxf3 Nxf3 26. Rg3 fxe4 27. Bh6
Rb1+ 28. Kg2 Rg1+ 29. Kh3 Rxg3+ 30. Kxg3 gxh6 31. Rxe4 Ng5 32. Rc4 Rf7 33. h4
Ne6 34. Re4 Nc5 35. Re8+ Kg7 36. Re3 Kf6 37. c4 Nd7 38. f4 Kf5 39. Re8 Nf6 0-1

[Event "VIII MIEDZYNARODOWY TURNIEJ SZACHOWY - GORA SW. ANNY - Open B"]
[Site "GORA SW. ANNY"]
[Date "1899-12-30"]
[Round "1.3"]
[White "Parol, Pola"]
[Black "Tabola, Marcin"]
[Result "1/2-1/2"]
[WhiteTitle "I++"]
[BlackTitle "I++"]
[WhiteElo "1672"]
[BlackElo "1986"]

1. Nf3 Nf6 2. d4 d5 3. c4 e6 4. Bg5 c6 5. e3 Nbd7 6. Nc3 Qa5 7. cxd5 Nxd5 8. Qb3
N7f6 9. Bd3 Nxc3 10. bxc3 Nd5 11. Rc1 Ba3 12. Rc2 O-O 13. O-O Bd6 14. Rcc1 Ba3
15. Rc2 Bd6 16. Rcc1 Ba3 17. Rc2 1/2-1/2

[Event "VIII MIEDZYNARODOWY TURNIEJ SZACHOWY - GORA SW. ANNY - Open B"]
[Site "GORA SW. ANNY"]
[Date "1899-12-30"]
[Round "1.4"]
[White "Czempiel, Henryk"]
[Black "Maminski, Hubert"]
[Result "1-0"]
[WhiteTitle "I"]
[BlackTitle "II+"]
[WhiteElo "1979"]
[BlackElo "1654"]

1. e4 c6 2. d4 d5 3. exd5 cxd5 4. c4 Nf6 5. Nc3 e6 6. Nf3 Be7 7. Bd3 O-O 8. O-O
Nc6 9. a3 dxc4 10. Bxc4 a6 11. Bg5 Nd5 12. Bxe7 Ncxe7 13. Ne5 b5 14. Nxd5 Nxd5
15. Nc6 Qd6 16. Bxd5 exd5 17. Rc1 Bd7 18. Ne5 Rac8 19. Qf3 Be6 20. Qf4 b4 21.
Ng6 Qxf4 22. Nxf4 bxa3 23. bxa3 Rc4 24. Rxc4 dxc4 25. Rc1 Rc8 26. Nxe6 fxe6 27.
Kf1 Kf7 28. Ke2 Ke7 29. Rb1 Kd6 30. Kd2 c3+ 31. Kc2 Kd5 32. Rb7 Rf8 33. f3 Kxd4
34. Rxg7 Rb8 35. Rd7+ Ke3 36. Kxc3 Rc8+ 37. Kb3 Kf2 38. Rd2+ Ke1 39. Rd6 Kf2 40.
g3 Kxf3 41. Rxe6 Kg2 42. Rh6 Rc7 43. Kb4 Re7 44. a4 Re4+ 45. Ka5 Rd4 46. Rxh7
1-0

[Event "VIII MIEDZYNARODOWY TURNIEJ SZACHOWY - GORA SW. ANNY - Open B"]
[Site "GORA SW. ANNY"]
[Date "1899-12-30"]
[Round "1.5"]
[White "Fus, Jakub"]
[Black "Bartoszewicz, Marcin"]
[Result "1/2-1/2"]
[WhiteTitle "II"]
[BlackTitle "I+"]
[WhiteElo "1641"]
[BlackElo "1968"]

1. d4 Nf6 2. c4 g6 3. Nc3 Bg7 4. e4 d6 5. f3 O-O 6. Be3 c5 7. dxc5 dxc5 8. Qxd8
Rxd8 9. Bxc5 Nc6 10. Nd5 Nxd5 11. cxd5 Bxb2 12. Rb1 Bc3+ 13. Kd1 b6 14. Ba3 Bf6
15. Ke1 Nd4 16. Bb2 Bg7 17. Ne2 Nxe2 18. Bxe2 e6 19. Bxg7 Kxg7 20. Bc4 Bd7 21.
Ke2 Rac8 22. Rhc1 Rc5 23. dxe6 fxe6 24. Bd3 Rdc8 25. Kd2 Kf6 26. g3 Rxc1 27. Rxc1
Rxc1 28. Kxc1 Ke5 29. Kd2 Kd4 30. f4 a5 31. e5 b5 32. h4 b4 33. g4 Bc6 34. f5
gxf5 35. gxf5 exf5 36. Bxf5 h6 37. e6 Ke5 38. Bg4 Kf6 39. Kc2 Bd5 40. Kb2 a4 41.
a3 bxa3+ 42. Kxa3 Bxe6 43. Bd1 Bd7 44. Bc2 Ke5 45. Bg6 Kf4 46. h5 Kg5 47. Kb4
Bg4 48. Kxa4 Bxh5 49. Be4 Kf4 50. Bc6 Bd1+ 51. Kb4 h5 52. Kc3 Ke3 53. Be8 h4 54.
Bd7 Be2 55. Be6 Kf4 56. Kd2 Bg4 1/2-1/2

[Event "VIII MIEDZYNARODOWY TURNIEJ SZACHOWY - GORA SW. ANNY - Open B"]
[Site "GORA SW. ANNY"]
[Date "1899-12-30"]
[Round "1.6"]
[White "Jachym, Adam"]
[Black "Pytel, Przemyslaw"]
[Result "0-1"]
[WhiteTitle "I"]
[BlackTitle "II+"]
[WhiteElo "1965"]
[BlackElo "1638"]

1. d4 Nf6 2. Nf3 e6 3. Bg5 Be7 4. e3 b6 5. c4 Bb7 6. Nc3 h6 7. Bh4 O-O 8. Bd3 d6
9. e4 Nfd7 10. Bxe7 Qxe7 11. O-O e5 12. Re1 Rd8 13. Nd5 Bxd5 14. exd5 Qf6 15.
Qe2 Re8 16. b4 g6 17. a3 c5 18. b5 a5 19. Qb2 cxd4 20. Nxd4 Nc5 21. Bf1 e4 22.
Qd2 Kh7 23. Re3 Nbd7 24. Rh3 g5 25. Re1 Ne5 26. Be2 Ned3 27. Bxd3 Nxd3 28. Rxd3
exd3 29. Qxd3+ Kh8 30. Re4 Rxe4 31. Qxe4 Rc8 32. Qd3 Qf4 33. Qc3 Qe5 34. h4 gxh4
35. Kf1 Qf6 36. Qd3 Re8 37. f3 Qe5 38. Qd2 Kg7 39. Kf2 h3 40. f4 Qf6 41. gxh3
Re4 42. Ne2 Rxc4 43. Qe3 Rc5 44. Qd3 Qh4+ 45. Kf1 Qh5 46. Nc3 Qg6 47. Qd4+ Qf6
48. Qxf6+ Kxf6 49. Ne4+ Ke7 50. Nxc5 dxc5 0-1

[Event "VIII MIEDZYNARODOWY TURNIEJ SZACHOWY - GORA SW. ANNY - Open B"]
[Site "GORA SW. ANNY"]
[Date "1899-12-30"]
[Round "1.7"]
[White "Strzelecki, Maciej"]
[Black "Milanowski, Jan"]
[Result "1-0"]
[WhiteTitle "II+"]
[BlackTitle "I++"]
[WhiteElo "1606"]
[BlackElo "1950"]

1. e4 c5 2. Nf3 Nc6 3. d4 cxd4 4. Nxd4 Nf6 5. Nc3 d6 6. Bg5 Qa5 7. Bxf6 gxf6 8.
Nb3 Qd8 9. Qd2 a6 10. O-O-O h5 11. Kb1 Bh6 12. Qd5 Bg7 13. Be2 Be6 14. Qd2 Qb6
15. Nd5 Bxd5 16. exd5 Ne5 17. Qd4 Qxd4 18. Nxd4 Kd7 19. Nf5 Bf8 20. f4 Ng6 21.
g3 e6 22. Ne3 e5 23. Nc4 Re8 24. fxe5 fxe5 25. Rhf1 Re7 26. Rf6 Re8 27. Rxf7+
Ne7 28. Rdf1 Kc7 29. R1f6 Rd8 30. Re6 Rd7 31. Bf3 Nc8 32. Rf5 h4 33. gxh4 Be7
34. h5 Bh4 35. h6 Rdh7 36. Rh5 Bf2 37. Be4 Rf7 38. Rf5 Rxf5 39. Bxf5 b5 40. Nd2
Be3 41. Ne4 Bxh6 42. Rf6 Bf8 43. Bxc8 Kxc8 44. Nxd6+ Bxd6 45. Rxd6 Rxh2 46. b3
Rd2 47. Kc1 Rd4 48. c3 Rd3 49. Kc2 e4 50. c4 bxc4 51. bxc4 Kb7 52. Re6 Ra3 53.
Rxe4 Rxa2+ 54. Kb3 Rd2 55. Kb4 Rb2+ 56. Kc5 a5 57. Re7+ Kb8 58. Kc6 a4 59. d6
a3 60. d7 Rd2 61. Re8+ 1-0

[Event "VIII MIEDZYNARODOWY TURNIEJ SZACHOWY - GORA SW. ANNY - Open B"]
[Site "GORA SW. ANNY"]
[Date "1899-12-30"]
[Round "1.8"]
[White "Kulpinski, Piotr"]
[Black "Karykowska, Anna"]
[Result "0-1"]
[WhiteTitle "I++"]
[BlackTitle "I++"]
[WhiteElo "1948"]
[BlackElo "1605"]

1. d4 d5 2. c4 c6 3. Nf3 Nf6 4. e3 Bg4 5. h3 Bh5 6. Nc3 e6 7. g4 Bg6 8. Ne5 Nfd7
9. Nxg6 hxg6 10. Qb3 Qb6 11. Qxb6 Nxb6 12. c5 N6d7 13. b4 b6 14. Bg2 a5 15. b5
bxc5 16. Ba3 cxd4 17. Bxf8 Rxf8 18. exd4 Ke7 19. O-O Rc8 20. Rfe1 Kf8 21. Rab1
cxb5 22. Nxb5 Na6 23. a3 Rab8 24. Bf1 Nc7 25. Nxc7 Rxc7 26. Rxb8+ Nxb8 27. Rb1
Nc6 28. Rc1 Ke7 29. Bb5 Kd6 30. Kg2 Nxd4 31. Rxc7 Kxc7 32. Be8 f6 33. Bxg6 Kd6
34. f4 e5 35. fxe5+ Kxe5 36. Kg3 Nb5 37. a4 Nc3 38. Bc2 Ne2+ 39. Kf2 Nf4 0-1

[Event "VIII MIEDZYNARODOWY TURNIEJ SZACHOWY - GORA SW. ANNY - Open B"]
[Site "GORA SW. ANNY"]
[Date "1899-12-30"]
[Round "1.9"]
[White "Kotula, Magdalena"]
[Black "Kalmuk, Krzysztof"]
[Result "0-1"]
[WhiteTitle "I+"]
[BlackTitle "I+"]
[WhiteElo "1594"]
[BlackElo "1939"]

1. e4 d6 2. d4 Nf6 3. Nc3 Nbd7 4. Bc4 e5 5. Nf3 Be7 6. Bxf7+ Kxf7 7. Ng5+ Kg8 8.
Ne6 Qe8 9. Nxc7 Qg6 10. Qf3 Rb8 11. N3d5 Nxd5 12. Nxd5 Bf6 13. Qb3 Qf7 14. Be3
exd4 15. Nxf6+ Nxf6 16. Qxf7+ Kxf7 17. Bxd4 Nxe4 18. Bxa7 Ra8 19. Bb6 Re8 20.
O-O Ra6 21. Be3 Be6 22. f3 Nf6 23. a3 Bf5 24. Bf4 Bxc2 25. Rac1 Bf5 26. Rfd1 d5
27. g4 Be6 28. Rc7+ Re7 29. Rxe7+ Kxe7 30. Rc1 Rc6 31. Rxc6 bxc6 32. b4 d4 33.
Kf1 Bc4+ 34. Ke1 Ke6 35. Kd2 Kd5 36. h4 Bb5 37. Bg5 Nd7 38. Bf4 Nb6 0-1

[Event "VIII MIEDZYNARODOWY TURNIEJ SZACHOWY - GORA SW. ANNY - Open B"]
[Site "GORA SW. ANNY"]
[Date "1899-12-30"]
[Round "1.10"]
[White "Wielosz, Jaroslaw"]
[Black "Karleszko, Karolina"]
[Result "1-0"]
[WhiteTitle "I"]
[BlackTitle "I+"]
[WhiteElo "1939"]
[BlackElo "1578"]

1. d4 d5 2. c4 c6 3. Nc3 e6 4. e4 Bb4 5. e5 dxc4 6. Bxc4 b5 7. Be2 Ne7 8. Nf3 a6
9. O-O Nd5 10. Ne4 O-O 11. Bg5 Qc7 12. a3 Be7 13. Qc2 Bb7 14. Bxe7 Qxe7 15. Nd6
f5 16. Rac1 Ra7 17. Qd2 Ba8 18. Rc2 Nd7 19. Rfc1 N7b6 20. Ne1 a5 21. Nf3 h6 22.
h3 g5 23. Nh2 Qg7 24. Bf3 Qg6 25. Qd1 Qg7 26. Bxd5 Nxd5 27. Rc5 Nf4 28. Qf3 h5
29. h4 Qh6 30. hxg5 Qxg5 31. g3 Rg7 32. Kf1 Nd5 33. Ke2 f4 34. Ne4 Qh6 35. g4
h4 36. g5 Qg6 37. Ng4 Kf7 38. Rh1 Qh5 39. Nh6+ Kg6 40. Qxh5+ Kxh5 41. Kf3 Rh8
42. Rcc1 c5 43. Rxh4+ Kg6 44. Rxc5 Nc7 45. Rxf4 Bxe4+ 46. Kxe4 Kxg5 47. Rg4+ Kxh6
48. Rxg7 1-0

[Event "VIII MIEDZYNARODOWY TURNIEJ SZACHOWY - GORA SW. ANNY - Open B"]
[Site "GORA SW. ANNY"]
[Date "1899-12-30"]
[Round "1.11"]
[White "Kwiatkowska, Agnieszka"]
[Black "Domanski, Lukasz"]
[Result "1-0"]
[WhiteTitle "I"]
[BlackTitle "I"]
[WhiteElo "1556"]
[BlackElo "1878"]

1. e4 e5 2. Nf3 d6 3. h3 f5 4. Nc3 Nf6 5. exf5 Bxf5 6. Nh4 Be6 7. d4 exd4 8. Qxd4
Be7 9. Be3 Nc6 10. Bb5 O-O 11. Bxc6 bxc6 12. Nf3 d5 13. Qd3 Bd6 14. Ng5 Bd7 15.
Bd4 g6 16. O-O Nh5 17. Be3 Bf4 18. Nf3 Bf5 19. Qd2 Bxe3 20. Qxe3 Qd7 21. g4 Bxg4
22. Ne5 Qd6 23. hxg4 Nf4 24. Ne2 Rae8 25. Nxf4 Rxe5 26. Qg3 Rg5 27. Nd3 Qe6 28.
f3 h5 29. Rae1 Qc8 30. Re5 Qd8 31. Rxg5 Qxg5 32. f4 Qxg4 33. Qxg4 hxg4 34. Ne5
Rf6 35. Nxg4 1-0

[Event "VIII MIEDZYNARODOWY TURNIEJ SZACHOWY - GORA SW. ANNY - Open B"]
[Site "GORA SW. ANNY"]
[Date "1899-12-30"]
[Round "1.12"]
[White "Kozaczuk, Witold"]
[Black "Trusz, Julia"]
[Result "1-0"]
[WhiteTitle "I"]
[BlackTitle "I"]
[WhiteElo "1877"]
[BlackElo "1556"]

1. d4 d5 2. c4 e6 3. Nc3 Nf6 4. Bg5 Nbd7 5. e3 Be7 6. Nf3 O-O 7. Qc2 Re8 8. Rd1
Nf8 9. Ne5 dxc4 10. Bxc4 Nd5 11. Bxe7 Rxe7 12. a3 c6 13. O-O Qa5 14. Ne4 Nd7 15.
b4 Qb6 16. Nd3 e5 17. dxe5 Nxe5 18. Nxe5 Rxe5 19. Nc5 Nf6 20. Qc3 Qc7 21. Nd3
Re7 22. Nf4 Bf5 23. Bb3 Rd7 24. Rxd7 Qxd7 25. Rd1 Qe7 26. Qd4 Nd7 27. e4 Bg4 28.
f3 Bxf3 29. gxf3 Qg5+ 30. Ng2 Ne5 31. Kf2 Qf6 32. f4 Re8 33. h3 a6 34. Qe3 Ng6
35. Kg1 Qe7 36. Bc2 Qc7 37. h4 Nf8 38. h5 h6 39. Bb3 Qe7 40. e5 Nd7 41. Qd3 Nf8
42. Qd6 Nh7 43. Kf2 Kf8 44. Ne3 Qxd6 45. Rxd6 Re7 46. Nf5 Re8 47. Rd7 1-0

[Event "VIII MIEDZYNARODOWY TURNIEJ SZACHOWY - GORA SW. ANNY - Open B"]
[Site "GORA SW. ANNY"]
[Date "1899-12-30"]
[Round "1.13"]
[White "Musiala, Jakub"]
[Black "Sudolski, Sylwester"]
[Result "0-1"]
[WhiteTitle "II"]
[BlackTitle "II"]
[WhiteElo "1536"]
[BlackElo "1863"]

1. e4 d6 2. d4 Nf6 3. Nc3 c6 4. f3 b5 5. a3 a6 6. Be3 Nbd7 7. Nge2 Bb7 8. Ng3 h5
9. Be2 h4 10. Nf1 e6 11. Bf2 Be7 12. Ne3 Qa5 13. b4 Qc7 14. Qd2 Nf8 15. Rd1 Ng6
16. g3 hxg3 17. Bxg3 Nh5 18. Nf1 Nxg3 19. Nxg3 Bh4 20. Rg1 e5 21. d5 c5 22. Kf1
cxb4 23. axb4 Qb6 24. Bd3 Nf4 25. Nce2 Nh3 26. Rg2 Bg5 27. Qe1 g6 28. Ra1 Be3
29. c3 Bc8 30. c4 bxc4 31. Bxc4 Nf4 32. Nxf4 exf4 33. Ne2 Bh3 34. Qc3 O-O 35.
Rb1 Rac8 36. Qd3 Rce8 37. Bxa6 Re5 38. Ke1 Bxg2 39. b5 Bxf3 40. Nc3 Qd8 0-1

[Event "VIII MIEDZYNARODOWY TURNIEJ SZACHOWY - GORA SW. ANNY - Open B"]
[Site "GORA SW. ANNY"]
[Date "1899-12-30"]
[Round "1.14"]
[White "Marchewka, Jakub"]
[Black "Szotkowski, David"]
[Result "1-0"]
[WhiteTitle "I"]
[BlackTitle "III"]
[WhiteElo "1848"]
[BlackElo "1527"]

1. e4 c5 2. Nf3 Nc6 3. c3 g6 4. d4 cxd4 5. cxd4 Bg7 6. Nc3 d6 7. Be3 Nf6 8. h3
O-O 9. a3 Bd7 10. Bc4 Rc8 11. Qe2 a6 12. O-O Na5 13. Ba2 b5 14. Rfd1 Nc4 15. Bf4
Bc6 16. Bxc4 bxc4 17. d5 Ba8 18. Rac1 Nd7 19. Nd2 Qc7 20. Rc2 Nc5 21. Qxc4 Qb7
22. Be3 Rc7 23. Na4 Ne6 24. Qd3 Rxc2 25. Qxc2 Rc8 26. Qb3 Nd4 27. Qxb7 Bxb7 28.
Nb6 Rc2 29. Ndc4 Ne2+ 30. Kf1 Bxb2 31. Na5 Nc3 32. Rd3 Nxe4 33. Nxb7 Bc1 34. Na5
Bxe3 35. fxe3 Nd2+ 36. Kg1 Rc1+ 37. Kf2 Ne4+ 38. Kf3 f5 39. Ke2 Rc2+ 40. Ke1 Rxg2
41. Nc6 Rg1+ 42. Ke2 Rg2+ 43. Kf1 Rf2+ 44. Kg1 g5 45. Rd4 Rf3 46. Nxe7+ Kf7 47.
Nxf5 Kf6 48. Rxe4 Kxf5 49. Re7 Rxh3 50. Kg2 Rh4 51. Nc8 Rg4+ 52. Kf3 1-0

[Event "VIII MIEDZYNARODOWY TURNIEJ SZACHOWY - GORA SW. ANNY - Open B"]
[Site "GORA SW. ANNY"]
[Date "1899-12-30"]
[Round "1.15"]
[White "Ochenduszko, Bartosz"]
[Black "Pacan-milej, Kosma"]
[Result "0-1"]
[WhiteTitle "II"]
[BlackTitle "I"]
[WhiteElo "1523"]
[BlackElo "1840"]

1. d4 d5 2. Nf3 Nf6 3. e3 e6 4. c4 Be7 5. Nc3 O-O 6. b3 b6 7. Bd3 Bb7 8. cxd5 exd5
9. Qc2 c5 10. O-O Nc6 11. Ne2 Nb4 12. Qd2 Nxd3 13. Qxd3 Rc8 14. Bb2 c4 15. Qd1
Ne4 16. Rc1 a5 17. Nd2 Nxd2 18. Qxd2 b5 19. a3 b4 20. axb4 axb4 21. Qd1 c3 22.
Ba1 Ra8 23. f4 Ra2 24. Rf3 Ba6 25. Ng3 Qa5 26. Nf5 Bf6 27. Rg3 Be2 28. Qe1 Bd3
29. e4 Bxe4 30. Nd6 Bh4 31. Nxe4 dxe4 32. Rxg7+ Kxg7 33. Qxh4 Rxa1 34. f5 Rxc1+
35. Kf2 Qxf5+ 0-1

[Event "VIII MIEDZYNARODOWY TURNIEJ SZACHOWY - GORA SW. ANNY - Open B"]
[Site "GORA SW. ANNY"]
[Date "1899-12-30"]
[Round "1.16"]
[White "Powalka, Michal"]
[Black "Rogacka, Natalia"]
[Result "1/2-1/2"]
[WhiteTitle "I++"]
[BlackTitle "II+"]
[WhiteElo "1820"]
[BlackElo "1481"]

1. e4 e5 2. f4 exf4 3. Bc4 Qh4+ 4. Kf1 Bc5 5. d4 Bb6 6. Nf3 Qf6 7. Nc3 Ne7 8. e5
Qh6 9. Ne2 d5 10. exd6 Qxd6 11. Bxf4 Qd8 12. c3 O-O 13. Bg5 Qe8 14. Qd3 Bf5 15.
Qd2 c6 16. Ng3 Be6 17. Bxe6 fxe6 18. Re1 Nf5 19. Qe2 h6 20. Bc1 Nxg3+ 21. hxg3
Rf6 22. Rh4 Nd7 23. Re4 Nf8 24. b3 Qg6 25. g4 c5 26. dxc5 Bxc5 27. Bf4 Qf7 28.
Be5 Rg6 29. Qc4 b6 30. b4 Be7 31. Kg1 Bf6 32. Qc6 Qe8 33. Qb7 Bxe5 34. Nxe5 Rf6
35. Rc4 Qb8 36. Qc6 Qe8 37. Qe4 Rc8 38. Nc6 Rf7 39. b5 Rfc7 40. Rd1 Kh8 41. Rcd4
Rd7 42. Rxd7 Nxd7 43. Qd4 Nc5 44. Rf1 Rc7 45. Ne5 Kg8 46. a4 Qc8 47. Nc6 Rd7 48.
Qf4 Qe8 49. g5 Rf7 50. Qd4 Rxf1+ 51. Kxf1 hxg5 52. Kg1 Qf7 53. a5 Qc7 54. axb6
axb6 55. Ne5 Qe7 56. Nf3 Qf6 57. Qd2 g4 58. Ng5 1/2-1/2

[Event "VIII MIEDZYNARODOWY TURNIEJ SZACHOWY - GORA SW. ANNY - Open B"]
[Site "GORA SW. ANNY"]
[Date "1899-12-30"]
[Round "1.17"]
[White "Majocha, Piotr"]
[Black "Guca, Krzysztof"]
[Result "1-0"]
[WhiteTitle "II"]
[BlackTitle "I"]
[WhiteElo "1475"]
[BlackElo "1820"]

1. e4 c5 2. Nf3 d6 3. d4 cxd4 4. Nxd4 Nf6 5. Nc3 a6 6. Be2 e6 7. O-O Be7 8. a3
O-O 9. Be3 Nc6 10. Qd2 Qc7 11. Rad1 Bd7 12. Nb3 b5 13. Bf4 Ne5 14. Rfe1 Rac8 15.
Be3 Rfd8 16. Nd4 Qb7 17. f3 Nc4 18. Bxc4 Rxc4 19. Nb3 Qc7 20. Qf2 Rb8 21. Bf4
Nh5 22. Be3 g6 23. Rd2 a5 24. Red1 b4 25. axb4 axb4 26. Na2 e5 27. Nc5 Bc8 28.
Nd3 Qa5 29. Nac1 Be6 30. b3 Rc6 31. Ne2 Rbc8 32. Ne1 Rd8 33. Nc1 d5 34. exd5 Rxd5
35. Ncd3 f6 36. g3 Ng7 37. Qe2 Nf5 38. Bf2 Nd4 39. Bxd4 Rxd4 40. Kg2 Kg7 41. Nf2
Rxd2 42. Rxd2 Bc5 43. Ne4 Bd4 44. Nd3 h6 45. Nef2 Bc3 46. Rd1 f5 47. Qe3 g5 48.
h3 Bd4 49. Qe2 h5 50. Qd2 Bxf2 51. Qxg5+ Kf8 52. Nxf2 Rxc2 53. Qf6+ Bf7 54. Rd8+
Qxd8 55. Qxd8+ Kg7 56. Qd6 Bxb3 57. Qxe5+ Kg6 58. Qd6+ Kf7 59. Qxb4 Be6 60. Qb7+
Kf6 61. Qh7 Bf7 62. Qh6+ Ke7 63. Qg5+ Ke6 64. Qe3+ Kf6 65. Qb6+ Kg7 66. Qd4+ Kg6
67. Qd6+ Kg7 68. Qd3 Ra2 69. Qxf5 Re2 70. g4 hxg4 71. hxg4 Bg6 72. Qd7+ Kh6 73.
g5+ Kh5 74. Qg4# 1-0

[Event "VIII MIEDZYNARODOWY TURNIEJ SZACHOWY - GORA SW. ANNY - Open B"]
[Site "GORA SW. ANNY"]
[Date "1899-12-30"]
[Round "1.18"]
[White "Krawiecki, Stanislaw"]
[Black "Tkaczyk, Weronika"]
[Result "1-0"]
[WhiteTitle "I"]
[BlackTitle "I"]
[WhiteElo "1814"]
[BlackElo "1464"]

1. e4 e5 2. Nf3 Nc6 3. Bc4 Bc5 4. O-O Nf6 5. d3 O-O 6. Bg5 h6 7. Bh4 Be7 8. Re1
d6 9. Nbd2 Be6 10. c3 Qd7 11. d4 exd4 12. cxd4 Bg4 13. Qc2 Bh5 14. d5 Na5 15.
Bd3 c6 16. b4 cxd5 17. bxa5 Rac8 18. Qb3 dxe4 19. Nxe4 Nxe4 20. Rxe4 Bxh4 21.
Rxh4 Bg4 22. Qb5 Qe6 23. Nd4 Qd7 24. Qxd7 Bxd7 25. Bf5 Bxf5 26. Nxf5 Rc5 27. Nxd6
Rxa5 28. Nxb7 Ra3 29. g3 Rb8 30. Rb4 Re8 31. Rb3 Ra6 32. Nc5 Ra5 33. Nd3 Re2 34.
Rb2 Re6 35. a4 Rg6 36. Nb4 Kf8 37. Rc2 1-0

[Event "VIII MIEDZYNARODOWY TURNIEJ SZACHOWY - GORA SW. ANNY - Open B"]
[Site "GORA SW. ANNY"]
[Date "1899-12-30"]
[Round "1.19"]
[White "Bogut, Maksymilian"]
[Black "Golecki, Jan"]
[Result "0-1"]
[WhiteTitle "II"]
[BlackTitle "I"]
[WhiteElo "1445"]
[BlackElo "1798"]

1. e4 c5 2. Nf3 e6 3. d4 cxd4 4. Nxd4 Nf6 5. Nc3 Nc6 6. Nxc6 bxc6 7. Bg5 Qb6 8.
Qf3 Qxb2 9. Rb1 Qa3 10. Rb3 Qa5 11. Bxf6 gxf6 12. Qxf6 Rg8 13. Qf3 Bg7 14. g3
Ba6 15. Bxa6 Qxa6 16. Qd3 Qxd3 17. cxd3 Ke7 18. Kd2 Bd4 19. f4 h5 20. Ne2 Bb6
21. Rc1 h4 22. d4 hxg3 23. Rxg3 Rh8 24. Rh1 Rh4 25. h3 Bc7 26. Rg4 Rh5 27. e5
Rah8 28. h4 R5h7 29. Ke3 f5 30. exf6+ Kxf6 31. Ng3 d5 32. h5 Rh6 33. Rg5 Rb8 34.
Ne2 c5 35. Rhg1 Bb6 36. Rg6+ Rxg6 37. Rxg6+ Kf7 38. Rg5 Rh8 39. f5 cxd4+ 40. Kf4
Bc7+ 41. Kg4 e5 42. Nc1 e4 43. f6 Kxf6 44. Rxd5 Rg8+ 45. Kh4 Rd8 46. Rc5 d3 47.
Nb3 e3 48. Rxc7 e2 49. Rc1 Kf5 50. Nd2 Kf4 51. h6 Ke3 52. Nf1+ Kf2 53. Nd2 e1=Q
54. Rxe1 Kxe1 55. Nc4 d2 56. Nxd2 Rxd2 57. a3 Rh2+ 58. Kg5 Kd2 59. Kg6 Kc3 60.
h7 Kb3 0-1

[Event "VIII MIEDZYNARODOWY TURNIEJ SZACHOWY - GORA SW. ANNY - Open B"]
[Site "GORA SW. ANNY"]
[Date "1899-12-30"]
[Round "1.20"]
[White "Oglaza, Oskar"]
[Black "Charczenko, Dominik"]
[Result "1-0"]
[WhiteTitle "I"]
[BlackTitle "III"]
[WhiteElo "1792"]
[BlackElo "1444"]

1. e4 e5 2. Nf3 Nc6 3. Bb5 a6 4. Ba4 Nf6 5. O-O b5 6. Bb3 Bc5 7. c3 O-O 8. d4 exd4
9. cxd4 Be7 10. d5 Na5 11. e5 Ne4 12. Bc2 Ng5 13. Nxg5 Bxg5 14. Qh5 h6 15. f4
Be7 16. f5 f6 17. Bxh6 gxh6 18. Qg6+ Kh8 19. Qxh6+ Kg8 20. Qg6+ Kh8 21. Rf3 fxe5
22. f6 Rf7 23. Rh3+ Rh7 24. Qg7# 1-0

[Event "VIII MIEDZYNARODOWY TURNIEJ SZACHOWY - GORA SW. ANNY - Open B"]
[Site "GORA SW. ANNY"]
[Date "1899-12-30"]
[Round "1.21"]
[White "Stolarski, Adam"]
[Black "Muzacz, Bartlomiej"]
[Result "0-1"]
[WhiteTitle "II"]
[BlackTitle "II+"]
[WhiteElo "1423"]
[BlackElo "1791"]

1. e4 c5 2. c3 Nf6 3. e5 Nd5 4. d4 cxd4 5. cxd4 e6 6. Nf3 b6 7. Bd3 Qc7 8. O-O
Bb7 9. Bd2 Nb4 10. Bxb4 Bxb4 11. a3 Be7 12. Nc3 a6 13. Rc1 Qd8 14. Bb1 d6 15.
Ne4 Nc6 16. exd6 Bxd6 17. Nxd6+ Qxd6 18. Qd3 Rd8 19. Rfd1 Qd5 20. b4 g5 21. Qe3
Ne7 22. Qe5 Qxe5 23. dxe5 Rxd1+ 24. Rxd1 Nd5 25. Rc1 h6 26. Ba2 Kd7 27. Kf1 Nf4
28. Rd1+ Ke7 29. Rc1 Rd8 30. Rc7+ Rd7 31. Rxd7+ Kxd7 32. Ne1 a5 33. bxa5 Ba6+
34. Kg1 Ne2+ 35. Kh1 bxa5 36. g3 Bb7+ 37. f3 g4 38. Kg2 Nd4 39. Kf2 Nxf3 40. Nxf3
Bxf3 41. Ke3 Bd1 42. Kd2 Bf3 43. Ke3 Bd5 44. Bb1 Bb3 45. Kd4 Ke7 46. Bd3 Bd1 47.
Ke4 f5+ 48. exf6+ Kxf6 49. Bc4 Bc2+ 50. Kf4 Bf5 51. Bb5 e5+ 52. Ke3 Ke6 53. Bc6
Kd6 54. Bb5 Kc5 0-1

[Event "VIII MIEDZYNARODOWY TURNIEJ SZACHOWY - GORA SW. ANNY - Open B"]
[Site "GORA SW. ANNY"]
[Date "1899-12-30"]
[Round "1.22"]
[White "Garbowski, Jakub"]
[Black "Milczarek, Pawel"]
[Result "1-0"]
[WhiteTitle "I+"]
[BlackTitle "III"]
[WhiteElo "1781"]
[BlackElo "1360"]

1. e4 c6 2. d4 d5 3. Nd2 dxe4 4. Nxe4 Nf6 5. Nxf6+ gxf6 6. Nf3 Bg4 7. Be2 Bxf3
8. Bxf3 e6 9. O-O Qc7 10. c3 Bd6 11. h3 Nd7 12. b4 O-O-O 13. a4 Kb8 14. b5 cxb5
15. axb5 Nb6 16. Be3 Rd7 17. Qb1 f5 18. Qa2 Kc8 19. Qxa7 Nc4 20. b6 Nxb6 21. Rfb1
Nc4 22. Qa8+ Qb8 23. Rxb7 Rxb7 24. Bxb7+ Kc7 25. Qa6 Qxb7 26. Qxc4+ Kd7 27. d5
Rc8 28. dxe6+ fxe6 29. Qh4 Rxc3 30. Qxh7+ Kc8 31. Qh8+ Kd7 32. Qxc3 1-0

[Event "VIII MIEDZYNARODOWY TURNIEJ SZACHOWY - GORA SW. ANNY - Open B"]
[Site "GORA SW. ANNY"]
[Date "1899-12-30"]
[Round "1.23"]
[White "Ostrowski, Zdzislaw"]
[Black "Trepkowski, Piotr"]
[Result "0-1"]
[WhiteTitle "II"]
[BlackTitle "I"]
[WhiteElo "1253"]
[BlackElo "1772"]

1. e4 e5 2. Nf3 Nc6 3. Bb5 a6 4. Bxc6 dxc6 5. h3 c5 6. Nc3 Qd6 7. d3 Nf6 8. a3
g6 9. Be3 Bg7 10. Qd2 O-O 11. O-O Re8 12. Rad1 b5 13. a4 c6 14. b3 Bb7 15. a5
Rad8 16. Ne2 Nh5 17. Qc3 Bf8 18. Nh2 Nf6 19. Bg5 h6 20. Bh4 g5 21. Bg3 Bc8 22.
Nf3 Nd7 23. Bh2 f6 24. Ng3 Nb8 25. Nf5 Bxf5 26. exf5 Qd7 27. g4 Kg7 28. Nd2 Qd4
29. Qa1 Rd7 30. Qc1 Red8 31. Ne4 c4 32. c3 Qd5 33. bxc4 bxc4 34. f3 cxd3 35. Qa1
c5 36. Kg2 Rb7 37. Rfe1 Nc6 38. Rd2 c4 39. Ng3 Nxa5 40. Rb2 Rxb2+ 41. Qxb2 Nb3
42. Rd1 a5 43. Ne4 a4 44. Bg1 a3 45. Qa2 Rb8 46. Be3 Nc5 47. Nd2 Nb3 48. Ne4 Nd4
49. cxd4 Rb2+ 50. Rd2 Rxa2 51. Rxa2 exd4 52. Bc1 c3 53. Ra1 Qb3 54. Nf2 d2 55.
Bxd2 cxd2 56. Nd1 Bb4 57. Kf2 Bc3 58. Nxc3 dxc3 59. Ke2 Qb2 0-1

[Event "VIII MIEDZYNARODOWY TURNIEJ SZACHOWY - GORA SW. ANNY - Open B"]
[Site "GORA SW. ANNY"]
[Date "1899-12-30"]
[Round "1.24"]
[White "Kokoszczynski, Jan"]
[Black "Majocha, Tomasz"]
[Result "1-0"]
[WhiteTitle "I"]
[BlackTitle "III"]
[WhiteElo "1765"]
[BlackElo "1244"]

1. e4 c5 2. Nf3 Nc6 3. Bb5 a6 4. Bxc6 bxc6 5. O-O d5 6. exd5 cxd5 7. d4 c4 8. b3
Nf6 9. bxc4 dxc4 10. Ne5 Qd5 11. Nc3 Qe6 12. Re1 Qf5 13. Nxc4 Bb7 14. Nd6+ 1-0